| 000 | 00513nam a2200169Ia 4500 | ||
|---|---|---|---|
| 999 |
_c1724 _d1724 |
||
| 003 | OSt | ||
| 005 | 20201001104151.0 | ||
| 008 | 190216s9999||||xx |||||||||||||| ||und|| | ||
| 040 | _coclc | ||
| 082 |
_a580 _bRAG/T |
||
| 100 |
_aRagland, Annie _94791 |
||
| 245 | 0 |
_aTaxonomy,Embryology,Plant Physiology,Ecology & Genetics / _c Annie Ragland ;V Kumaresan |
|
| 260 |
_bSaras Publications, _aNagercoil: _c2004. |
||
| 300 | _a572p | ||
| 650 | _aBotany | ||
| 942 |
_cBK _2ddc _h580 _iRAG/T _k580 _mRAG/T |
||